The great hindu civilization: (Record no. 181872)

MARC details
000 -LEADER
fixed length control field 00570nam a22001577a 4500
005 - DATE AND TIME OF LATEST TRANSACTION
control field 20211007150244.0
010 ## - LCCN (DPL NO)
LC control number EN230921
020 ## - INTERNATIONAL STANDARD BOOK NUMBER
International Standard Book Number 9789390679966
Terms of availability 799.00
037 ## - SOURCE OF ACQUISITION
Source of stock number/acquisition Westland Publications
100 ## - MAIN ENTRY--PERSONAL NAME
Personal name Varma,Pavan K
245 ## - TITLE STATEMENT
Title The great hindu civilization:
Statement of responsibility, etc by Pavan K. Varma
Remainder of title achievement,neglect,blas,and the way forward /
260 ## - PUBLICATION, DISTRIBUTION, ETC. (IMPRINT)
Place of publication, distribution, etc Chennai
Name of publisher, distributor, etc Westland Publications
Date of publication, distribution, etc 2021
270 ## - ADDRESS
City Chennai
Address 1st Floor,A Block,East Wing,Plot No.40,SP Infocity,Dr MGR Salai,Perungudi,Kandanchavadi,
Postal code 600096
300 ## - PHYSICAL DESCRIPTION
Extent xi,403p.
Dimensions 24cm(Hb)
942 ## - ADDED ENTRY ELEMENTS (KOHA)
Source of classification or shelving scheme Dewey Decimal Classification
Item type English Books
Call number suffix VAR

No items available.


© Delhi Public Library
Hit Counter
free hit counter